| 000 | 00513nam a22001337a 4500 | ||
|---|---|---|---|
| 008 | 230609b |||||||| |||| 00| 0 eng d | ||
| 040 |
_aNational Science Library _cNational Science Library |
||
| 080 |
_a621.039.665(082.2) _bL9 |
||
| 245 |
_aSymposium on spectroscopic techniques in the investigation of atmospheric chemical species _c/ Bhabha Atomic Research Centre Bombay 27-29 March, 1979 |
||
| 260 |
_aIndia: _bDepartment of Atomic Energy, _c1979 |
||
| 300 | _a172p. | ||
| 650 | _aSymposium | ||
| 942 |
_2udc _cSYM |
||
| 999 |
_c41763 _d41763 |
||